Essays on the great depression /

Money and financial markets. Labor markets.

Na minha lista:
Detalhes bibliográficos
Autor principal: Bernanke, Ben S.
Formato: Livro
Idioma:English
Publicado em: Princeton, N.J. : Princeton University Press, 2000.
Assuntos:
Tags: Adicionar Tag
Sem tags, seja o primeiro a adicionar uma tag!
Thư viện lưu trữ: Mạng thư viện Đại học Đà Nẵng
LEADER 00932cam a2200349 i 4500
001 000048473
003 8191
005 20030307143650.0
008 010316|2000 vm 000 eng
020 |a 0691016984 
040 |a IRC  |c IRC  |d IRC 
041 0 |a eng 
082 1 4 |a 338.542  |b BE-B 
100 1 |a Bernanke, Ben S. 
245 0 0 |a Essays on the great depression /  |c Ben S. Bernanke. 
260 |a Princeton, N.J. :  |b Princeton University Press,  |c 2000. 
300 |a ix, 310 p. ;  |c 24cm. 
520 3 |a Money and financial markets. Labor markets. 
630 0 4 |a United States. 
630 0 4 |a Depressions. 
650 0 4 |a Depressions  |y 1929  |z United States. 
650 0 4 |a Depressions  |y 1929. 
OWN |a DUT 
999 |a From the UDN01 
TYP |a Monograph 
TYP |a Printed language 
980 |a Mạng thư viện Đại học Đà Nẵng